El Presidente en el consulado francés
Publicado:
San Jorge, núm. 88 (4t trimestre 1972), pàg 72 :
MARC
| LEADER | 00000nam a2200000Ia 4500 | ||
|---|---|---|---|
| 001 | |||
| 008 | 160829s9999 xx 000 0 cat d | ||
| 245 | |a El Presidente en el consulado francés | ||
| 260 | |a San Jorge, núm. 88 (4t trimestre 1972), pàg 72 | ||
| 600 | 0 | |a Muller i d'Abadal, Josep M., |d 1919-1981 |9 28922 | |
| 650 | |a Cos diplomàtic i consular francès |x Barcelona |9 41919 | ||
| 650 | |a Tur Aller, Roger I |9 41920 | ||
| 650 | |a Gaussen, Gérard |9 41921 | ||
| 650 | |a Atemptats |9 41922 | ||
| 901 | |a Arxiu | ||
| 942 | |n 1 | ||
| 952 | |0 0 |1 0 |4 0 |7 1 |9 50549 |a Arxiu |b Arxiu |d 2016-12-01 |l 0 |r 2016-12-01 00:00:00 |w 2016-12-01 |y ARXIU | ||
| 999 | |c 54391 |d 54391 | ||